Nuclear power plant engineering (Record no. 355868)
[ view plain ]
| 000 -LEADER | |
|---|---|
| fixed length control field | 00438nam a22001337a 4500 |
| 008 - FIXED-LENGTH DATA ELEMENTS--GENERAL INFORMATION | |
| fixed length control field | 151229b xxu||||| |||| 00| 0 eng d |
| 082 ## - DEWEY DECIMAL CLASSIFICATION NUMBER | |
| Classification number | 621.483 |
| Author Mark | RUS-N 1979 |
| 100 ## - MAIN ENTRY--PERSONAL NAME | |
| Personal name | James H. Rust |
| 245 ## - TITLE STATEMENT | |
| Title | Nuclear power plant engineering |
| Statement of responsibility, etc. | Rust, James H |
| 260 ## - PUBLICATION, DISTRIBUTION, ETC. | |
| Place of publication, distribution, etc. | Buchanan: |
| Name of publisher, distributor, etc. | Haralson Pub. Co, |
| Date of publication, distribution, etc. | c1979 |
| 300 ## - PHYSICAL DESCRIPTION | |
| Extent | viii, 504 pages : |
| Other physical details | illustrations ; |
| Dimensions | 24 cm. |
| 650 ## - SUBJECT ADDED ENTRY--TOPICAL TERM | |
| Topical term or geographic name entry element | Nuclear engineering. |
| Form subdivision | Nuclear power plants. |
| 942 ## - ADDED ENTRY ELEMENTS (KOHA) | |
| Source of classification or shelving scheme | |
| Koha item type | Book |
| Withdrawn status | Lost status | Source of classification or shelving scheme | Damaged status | Not for loan | Collection code | Permanent Location | Current Location | Shelving location | Date acquired | Source of acquisition | Cost, normal purchase price | Total Checkouts | Full call number | Barcode | Date last seen | Price effective from | Koha item type | Copy number |
|---|---|---|---|---|---|---|---|---|---|---|---|---|---|---|---|---|---|---|
| US-Pakistan Center for Advanced Studies in Energy (USPCAS-E) | US-Pakistan Center for Advanced Studies in Energy (USPCAS-E) | 12/29/2015 | Iqra | 27655.00 | 621.483 RUS-N 1979 | CAS-E0001081 | 12/29/2015 | 12/29/2015 | Book | |||||||||
| US-Pakistan Center for Advanced Studies in Energy (USPCAS-E) | US-Pakistan Center for Advanced Studies in Energy (USPCAS-E) | 12/29/2015 | Iqra | 27655.00 | 621.483 RUS-N 1979 | CAS-E0001082 | 12/29/2015 | 12/29/2015 | Book | C.2 |
